Le Jeu de l'alterite: Notes d'un Souterrain
Guardado en:
| Hovedforfatter: | |
|---|---|
| Format: | Ukendt |
| Fag: | |
| Tags: |
Tilføj Tag
Ingen Tags, Vær først til at tagge denne postø!
|
MARC
| LEADER | 000000000a22000000004500 | ||
|---|---|---|---|
| 001 | 000688 | ||
| 041 | 0 | |a francés | |
| 092 | 0 | |a Artículo 52: Ampo 2 | |
| 100 | 1 | |a Todorov, Tzvetan, 1939- | |
| 245 | 1 | 0 | |a Le Jeu de l'alterite: Notes d'un Souterrain |
| 500 | |a Artículos recopilados por Alvaro Quesada Soto | ||
| 650 | 4 | |a NOVELA | |
| 650 | 4 | |a PROSA | |
| 650 | 4 | |a TECNICA | |
| 650 | 4 | |a NARRACION (RETORICA) | |
| 773 | 0 | |t Poetique de la Prose | |
| 773 | 0 | |g 1978 | |
| 773 | 0 | |g 133-160 | |
| 999 | |c 945 |d 945 | ||
